[Event "OMA-chT 6th"]
[Site "Muscat"]
[Date "2023.08.05"]
[Round "4.4"]
[White "Al Rawahi, Khalid Saif"]
[Black "Al Salehi, Azzan"]
[Result "0-1"]
[WhiteElo "1207"]
[BlackElo "1482"]
[PlyCount "60"]
[EventDate "2023.08.03"]
[EventType "team-swiss"]
[EventRounds "9"]
[EventCountry "OMN"]
[SourceTitle "EXT 2024"]
[Source "ChessBase"]
[SourceDate "2023.10.10"]
[SourceVersion "1"]
[SourceVersionDate "2023.10.10"]
[SourceQuality "1"]
[WhiteTeam "Dima Wa Tayeen"]
[BlackTeam "Al Rustaq"]
[WhiteTeamCountry "OMN"]
[BlackTeamCountry "OMN"]

1. e4 e6 2. d4 b6 3. Nd2 Bb7 4. Ngf3 Nf6 5. e5 Nd5 6. c4 Ne7 7. Bd3 d5 8. cxd5 Nxd5 9. 0-0 Be7 10. Ne4 0-0 11. Bg5 Nd7 12. Bxe7 Qxe7 13. Nfg5 h6 14. Qh5 Nf4 15. Qf3 Nxd3 16. Qxd3 hxg5 17. f4 Bxe4 18. Qxe4 f5 19. Qe2 g4 20. Rac1 Rfc8 21. Rc3 c5 22. h3 cxd4 23. Rg3 gxh3 24. Rxh3 g6 25. Rff3 Kg7 26. Rfg3 Rh8 27. Qf3 Nc5 28. Rxg6+ Kxg6 29. Rg3+ Kf7 30. Rg5 Ne4 0-1